Egyptian shabtis /

Saved in:

Main Author: Stewart, H. M., 1916- (Author)

Format: Book

Language: English

Published: Princes Risborough, UK : Shire Publications, 1995.

Series: Shire Egyptology ; 23.
ShirEgypt ; 23.

Subjects:

Tags: Add Tag

No Tags, Be the first to tag this record!

Call Number: DT57 .S25 v.23

LEADER 00899namaa2200301 4500
001 10952
003 OSt
005 20260422073308.0
008 130303s1995 enkab b 001 0 eng d
020 |a 0747803013 
040 |c ARCE Library 
043 |a f-ua--- 
050 4 |a DT57 .S25 v.23 
100 1 |a Stewart, H. M.,   |d 1916-,   |e author 
245 1 0 |a Egyptian shabtis /  |c Harry M. Stewart. 
264 1 |a Princes Risborough, UK :  |b Shire Publications,  |c 1995. 
300 |a 64 pages :  |b illustrations (some color), map ;  |c 21 cm. 
490 1 |a Shire Egyptology ;   |v 23. 
490 1 |a ShirEgypt ;   |v 23. 
504 |a Includes bibliographical references (pages 59-60) and index. 
650 0 |a Ushabti. 
650 0 |a Sculpture, Egyptian. 
651 0 |a Egypt  |x Antiquities. 
830 0 |a Shire Egyptology ;   |v 23. 
830 0 |a ShirEgypt ;   |v 23. 
901 |a reviewed 
942 |c BK  |2 lcc 
999 |c 14861  |d 14861